000 00269 a2200121 4500
000 nam a22 7a 4500
020 _a978935606357
100 _aRussell, Stuart
_985
245 _aArtificial Intelligence
250 _a4
260 _bPearson
_c2022
264 _bPearson
999 _c35945
_d35945